000 00333nam a22001457a 4500
008 221006b ||||| |||| 00| 0 eng d
020 _a0721697216
041 _aeng
080 _26TH EDIITION
_a610.73
082 _a610.73 HOG
100 _a5
101 _aINF
245 _aVIRTUAL CLINICAL EXCURSION
_cHOGAN M
942 _2udc
_cBK
999 _c58383
_d58383